[Event "4NCL Division 4 South"]
[Site "Maidenhead, ENG"]
[Date "2020.01.11"]
[Round "3.142"]
[White "Agnihotri, Aaryan"]
[Black "Portheault, Benjamin"]
[Result "0-1"]
[WhiteElo "1562"]
[BlackElo "1502"]
[PlyCount "37"]
[EventDate "2020.01.11"]
[WhiteTeam "Barnet Knights 3"]
[BlackTeam "Celtic Tigers 3"]

1. e4 c5 2. Nc3 g6 3. Nf3 Bg7 4. d3 Nc6 5. Bd2 d6 6. Be3 a6 7. Be2 e5 8. Rb1
Nge7 9. Qd2 O-O 10. Bh6 f5 11. O-O f4 12. Bxg7 Kxg7 13. a3 h6 14. g3 Nd4 15.
Nxd4 cxd4 16. Na2 f3 17. Bd1 Qd7 18. c3 Qh3 19. cxd4 0-1

[Event "4NCL Division 4 South"]
[Site "Maidenhead, ENG"]
[Date "2020.01.11"]
[Round "3.143"]
[White "Sturt, Charles A"]
[Black "Agnihotri, Akaash"]
[Result "1-0"]
[WhiteElo "1416"]
[BlackElo "1532"]
[PlyCount "49"]
[EventDate "2020.01.11"]
[WhiteTeam "Celtic Tigers 3"]
[BlackTeam "Barnet Knights 3"]

1. e4 e5 2. Nf3 Nc6 3. Bc4 Nf6 4. d4 exd4 5. O-O h6 6. e5 Nh7 7. Nxd4 Nxe5 8.
Re1 d6 9. f4 Qf6 10. Nc3 Be7 11. fxe5 dxe5 12. Rf1 Qb6 13. Bxf7+ Kd8 14. Be3
exd4 15. Bxd4 Qd6 16. Bxg7 Rf8 17. Bxh6 Rxf7 18. Rxf7 Nf6 19. Qxd6+ cxd6 20.
Re1 Ng8 21. Rfxe7 Nxe7 22. Bg5 Bf5 23. Rxe7 Bd7 24. Nd5 Rc8 25. Re6# 1-0

[Event "4NCL Division 4 South"]
[Site "Maidenhead, ENG"]
[Date "2020.01.11"]
[Round "3.144"]
[White "Thatte, Nandinee"]
[Black "Turner, Jeremy"]
[Result "1-0"]
[WhiteElo "1547"]
[BlackElo "1285"]
[PlyCount "59"]
[EventDate "2020.01.11"]
[WhiteTeam "Barnet Knights 3"]
[BlackTeam "Celtic Tigers 3"]

1. d4 d5 2. c4 c6 3. Nc3 Nf6 4. Nf3 dxc4 5. e4 b5 6. Be2 e6 7. Bg5 Be7 8. Qc2
Nbd7 9. O-O Bb7 10. Rfd1 Qc7 11. e5 Nd5 12. Nxd5 cxd5 13. Bxe7 Kxe7 14. Qd2
Rhc8 15. Qb4+ Ke8 16. Qxb5 Bc6 17. Qb4 Rab8 18. Qc3 Qb6 19. Rab1 Qb4 20. Qe3 h6
21. Ne1 Ba4 22. Rdc1 Kf8 23. Rc3 Qa5 24. Bh5 Kg8 25. Qf4 Rf8 26. Rg3 g5 27. h4
Qd8 28. hxg5 hxg5 29. Rxg5+ Kh8 30. Be2 1-0

[Event "4NCL Division 4 South"]
[Site "Maidenhead, ENG"]
[Date "2020.01.11"]
[Round "3.145"]
[White "Mackenzie, Jon"]
[Black "Farahi-Far, Mohammad"]
[Result "0-1"]
[WhiteElo "1187"]
[BlackElo "1487"]
[PlyCount "62"]
[EventDate "2020.01.11"]
[WhiteTeam "Celtic Tigers 3"]
[BlackTeam "Barnet Knights 3"]

1. e4 c5 2. Nf3 Nc6 3. Bc4 e6 4. d3 Nf6 5. Be3 d5 6. exd5 Nxd5 7. Qd2 Nxe3 8.
fxe3 Be7 9. Nc3 a6 10. O-O b5 11. Bb3 Qc7 12. e4 h6 13. Qf2 Na5 14. Rae1 c4 15.
dxc4 Bc5 16. Nd4 e5 17. Qg3 Bxd4+ 18. Kh1 O-O 19. c5 Nxb3 20. axb3 Bxc3 21.
bxc3 Qxc5 22. Rf3 Be6 23. Rf6 Kh7 24. Rf3 Rad8 25. b4 Qd6 26. h3 Qd2 27. Rd3
Rxd3 28. cxd3 Qxc3 29. Re3 f6 30. h4 Bf7 31. Qg4 Qc1+ 0-1

[Event "4NCL Division 4 South"]
[Site "Maidenhead, ENG"]
[Date "2020.01.11"]
[Round "3.146"]
[White "Prasad, Rupa"]
[Black "Osseiran, Nadim"]
[Result "1/2-1/2"]
[WhiteElo "1442"]
[BlackElo "1060"]
[PlyCount "159"]
[EventDate "2020.01.11"]
[WhiteTeam "Barnet Knights 3"]
[BlackTeam "Celtic Tigers 3"]

1. e4 c6 2. d4 d5 3. Nc3 dxe4 4. Nxe4 Bf5 5. Ng3 Bg6 6. Be3 e6 7. c3 Nf6 8. Nf3
h6 9. Bc4 Nbd7 10. Ne5 Nxe5 11. dxe5 Qxd1+ 12. Rxd1 Nd5 13. Bxd5 cxd5 14. O-O
b6 15. Bd4 Rc8 16. a4 Bc5 17. Ra1 Bxd4 18. cxd4 O-O 19. Rfc1 a5 20. Ne2 Rxc1+
21. Rxc1 Bd3 22. Kf1 Bxe2+ 23. Kxe2 Rb8 24. b3 Kf8 25. f4 f5 26. exf6 gxf6 27.
Rc7 b5 28. Ra7 bxa4 29. bxa4 Rb4 30. Rxa5 Rxd4 31. Ke3 Re4+ 32. Kf3 f5 33. Ra7
d4 34. a5 Re3+ 35. Kf2 Ra3 36. Rd7 d3 37. a6 Rxa6 38. Rxd3 Kf7 39. Kg3 Kf6 40.
Kh4 Ra4 41. g3 Ra2 42. h3 Ra8 43. Kh5 Rb8 44. Rc3 Rd8 45. Rb3 Rc8 46. Rd3 Rg8
47. Rd6 Rxg3 48. Kh4 Rg8 49. Kh5 Rg3 50. Kh4 Rg8 51. Rb6 Rf8 52. Ra6 Rd8 53.
Ra4 Rc8 54. Kh5 Rc3 55. Kh4 Rc8 56. Rb4 Rd8 57. Kh5 Rd3 58. Kh4 Rd8 59. Ra4 Rc8
60. Kh5 Rc3 61. Kh4 Rc8 62. Kh5 Rc3 63. Kh4 Rc8 64. Rb4 Rd8 65. Kh5 Rd3 66. Kh4
Rd8 67. Rc4 Rb8 68. Ra4 Rc8 69. Rb4 Ra8 70. Rc4 Rb8 71. Kh5 Rd8 72. Kh4 Rb8 73.
Ra4 Rc8 74. Rb4 Rd8 75. Kh5 Rd3 76. Kh4 Rd8 77. Rc4 Rb8 78. Rd4 Rc8 79. Rb4 Rd8
80. Rc4 1/2-1/2

[Event "4NCL Division 4 South"]
[Site "Maidenhead, ENG"]
[Date "2020.01.11"]
[Round "3.201"]
[White "Deacon, David J"]
[Black "Graham, William M"]
[Result "1/2-1/2"]
[WhiteElo "1598"]
[BlackElo "1990"]
[PlyCount "107"]
[EventDate "2020.01.11"]
[WhiteTeam "Wessex D"]
[BlackTeam "Sussex Martlets 3"]

1. d4 Nf6 2. c4 g6 3. g3 Bg7 4. Bg2 O-O 5. Nf3 d6 6. O-O Nc6 7. Nc3 Bg4 8. h3
Bxf3 9. Bxf3 Nd7 10. e3 e5 11. d5 Ne7 12. Bg2 f5 13. e4 f4 14. h4 h6 15. a4 Kh7
16. Ra3 Ng8 17. h5 g5 18. Bh3 Ne7 19. g4 Ng8 20. Bg2 Ngf6 21. Bf3 a5 22. Kg2
Nc5 23. Be2 Qd7 24. f3 Rg8 25. Rh1 Bf8 26. Ra2 Be7 27. b3 Raf8 28. Ba3 Na6 29.
Rd2 Rf7 30. Rd3 b6 31. Nb5 Bd8 32. Qd2 Rgf8 33. Qd1 Nb8 34. Nc3 Ne8 35. Rh3 Ng7
36. Qh1 Qe8 37. Nb5 Nd7 38. Na7 Nf6 39. Nc6 Qd7 40. Nxd8 Qxd8 41. Qd1 Qd7 42.
Bc1 Rg8 43. Qh1 Nge8 44. Ba3 Nxg4 45. fxg4 Nf6 46. Qd1 Nxe4 47. Bf3 Nf6 48. Qe2
Kg7 49. Rh1 Re8 50. Bb2 Rfe7 51. Rdd1 Kf7 52. Qc2 Nxg4 53. Qh7+ Kf8 54. Qh8+
1/2-1/2

[Event "4NCL Division 4 South"]
[Site "Maidenhead, ENG"]
[Date "2020.01.11"]
[Round "3.204"]
[White "Bennett, Max"]
[Black "Deacon, Matthew"]
[Result "1-0"]
[WhiteElo "1960"]
[BlackElo "1227"]
[PlyCount "61"]
[EventDate "2020.01.11"]
[WhiteTeam "Sussex Martlets 3"]
[BlackTeam "Wessex D"]

1. e4 c5 2. Nf3 g6 3. d4 cxd4 4. Nxd4 Nc6 5. Nc3 Bg7 6. Be3 Nf6 7. Bc4 O-O 8.
Bb3 d6 9. f3 a6 10. Qd2 Na5 11. g4 Nxb3 12. Nxb3 Nd7 13. O-O-O Ne5 14. Qe2 Qc7
15. Nd5 Qd8 16. Nb6 Rb8 17. h4 Be6 18. h5 Qc7 19. Rh2 Nc4 20. Nxc4 Bxc4 21. Qd2
Rfd8 22. hxg6 fxg6 23. Qf2 Bxb3 24. axb3 Qa5 25. Kb1 Rf8 26. Bd4 Qg5 27. Rdh1
e5 28. Ba7 Ra8 29. Rxh7 Qxg4 30. fxg4 Rxf2 31. Bxf2 1-0

[Event "4NCL Division 4 South"]
[Site "Maidenhead, ENG"]
[Date "2020.01.11"]
[Round "3.207"]
[White "Jerome, David"]
[Black "Stewart, Lilya"]
[Result "0-1"]
[WhiteElo "1217"]
[BlackElo "1720"]
[PlyCount "132"]
[EventDate "2020.01.11"]
[WhiteTeam "Wessex D"]
[BlackTeam "Sussex Martlets 3"]

1. d4 d5 2. Bf4 e6 3. Nf3 Bd6 4. Ne5 Ne7 5. e3 a6 6. Bd3 g6 7. Bh6 Nf5 8. Bxf5
exf5 9. Qf3 Be6 10. c4 Nd7 11. cxd5 Nxe5 12. dxe5 Bxd5 13. Qxd5 Bb4+ 14. Qd2
Bxd2+ 15. Nxd2 Qd5 16. Nf3 Qa5+ 17. Nd2 O-O-O 18. e4 Qxe5 19. O-O-O fxe4 20. h3
f5 21. g3 Qc5+ 22. Kb1 Qxf2 23. Bf4 Qb6 24. Rc1 c6 25. Nc4 Qb5 26. Be3 Kb8 27.
b3 h6 28. Bf4+ Ka8 29. Be3 c5 30. g4 a5 31. Kb2 a4 32. gxf5 gxf5 33. Rhg1 axb3
34. axb3 Rd3 35. Ra1+ Kb8 36. Ra3 Rxb3+ 37. Rxb3 Qxc4 38. Bf4+ Kc8 39. Rc1 Qd4+
40. Rbc3 Qf2+ 41. R1c2 Qxf4 42. Rxc5+ Kb8 43. R2c4 Rd8 44. Kb3 Qf3+ 45. Rc3 Rd3
46. Rc8+ Ka7 47. Kb4 Rxc3 48. Rxc3 Qxc3+ 49. Kxc3 f4 50. Kd2 Kb6 51. h4 Kc5 52.
h5 Kc4 53. Ke2 b5 54. Kd2 Kb3 55. Kc1 f3 56. Kd2 Ka2 57. Ke3 b4 58. Kd2 b3 59.
Ke1 b2 60. Kd2 b1=Q 61. Ke3 Qd3+ 62. Kf2 Qe2+ 63. Kg3 f2 64. Kh4 f1=R 65. Kh3
Qf3+ 66. Kh4 Rh1# 0-1

[Event "4NCL Division 4 South"]
[Site "Maidenhead, ENG"]
[Date "2020.01.11"]
[Round "3.203"]
[White "Finn, Thomas"]
[Black "Webster, David"]
[Result "1/2-1/2"]
[WhiteElo "1900"]
[BlackElo "1970"]
[PlyCount "88"]
[EventDate "2020.01.11"]
[WhiteTeam "Sussex Martlets 3"]
[BlackTeam "Celtic Tigers 2"]

1. d4 Nf6 2. Nf3 c5 3. e3 cxd4 4. exd4 d5 5. c3 Bg4 6. Bd3 Nbd7 7. Bf4 e6 8.
Nbd2 Be7 9. O-O O-O 10. Qc2 Bh5 11. Ne5 Bg6 12. Nxg6 hxg6 13. Nf3 Nh5 14. Bd2
Bd6 15. Rfe1 Nf4 16. Bxf4 Bxf4 17. Qe2 Qf6 18. Ne5 Bxe5 19. dxe5 Qh4 20. Rad1
Qh5 21. Bb5 Qxe2 22. Rxe2 Nc5 23. Re3 a6 24. Be2 Rfe8 25. Rg3 b5 26. Bf3 Nd7
27. Rg5 Rac8 28. Be2 Rc5 29. f4 Nb6 30. Rg3 Rec8 31. Kf2 a5 32. Rd4 a4 33. a3
Nc4 34. Bxc4 bxc4 35. Re3 Rb5 36. Re2 Rcb8 37. Rdd2 Kf8 38. Ke3 Ke7 39. Kd4 f6
40. Rf2 Rh8 41. g3 Rh5 42. Rde2 fxe5+ 43. fxe5 Rf5 44. g4 Rxf2 1/2-1/2

[Event "4NCL Division 4 South"]
[Site "Maidenhead, ENG"]
[Date "2020.01.11"]
[Round "3.206"]
[White "Buttell, David"]
[Black "Michaud, Gerald"]
[Result "1/2-1/2"]
[WhiteElo "1937"]
[BlackElo "1842"]
[PlyCount "100"]
[EventDate "2020.01.11"]
[WhiteTeam "Celtic Tigers 2"]
[BlackTeam "Sussex Martlets 3"]

1. d4 e6 2. Nf3 Nf6 3. c4 b6 4. g3 Bb7 5. Bg2 Be7 6. O-O O-O 7. Nbd2 d6 8. b3
Nbd7 9. Bb2 c5 10. e3 Qc7 11. Rc1 Rad8 12. Qc2 Rfe8 13. Rfd1 Bc6 14. e4 e5 15.
d5 Bb7 16. Nf1 Bc8 17. Ne3 g6 18. Rf1 Nf8 19. Nd2 Ng4 20. Nxg4 Bxg4 21. f3 Bc8
22. Rce1 Bf6 23. f4 Nd7 24. f5 Bg7 25. g4 g5 $11 26. Bc1 f6 27. Bf3 Nf8 28. Kg2
a5 29. Rh1 Re7 30. h3 Kf7 31. Rh2 Bb7 32. Nf1 Ke8 33. Ng3 h6 34. Nh5 Bh8 35.
Reh1 Kd7 36. Be3 Kc8 37. Qd2 Rf7 38. a3 Nd7 39. h4 Rg8 40. hxg5 hxg5 41. Ng3
Bg7 42. Ne2 Qd8 43. Nc3 Rh8 44. Rxh8 Bxh8 45. Nb5 Qf8 46. Nxd6+ Qxd6 47. Rxh8+
Kc7 48. Re8 Nf8 49. Re6 Nxe6 50. dxe6 Qxd2+ 1/2-1/2

[Event "4NCL Division 4 South"]
[Site "Maidenhead, ENG"]
[Date "2020.01.11"]
[Round "3.209"]
[White "Woods, Timothy J"]
[Black "Goldman, Edward"]
[Result "0-1"]
[WhiteElo "1675"]
[BlackElo "1682"]
[PlyCount "70"]
[EventDate "2020.01.11"]
[WhiteTeam "Sussex Martlets 3"]
[BlackTeam "Celtic Tigers 2"]

1. e4 d5 2. exd5 Nf6 3. d4 Nxd5 4. c4 Nf6 5. Nf3 Bg4 6. Be2 Nc6 7. Be3 e6 8.
O-O Be7 9. Nc3 O-O 10. Rc1 Qd7 11. Qd2 Rfd8 12. Rfd1 a6 13. a3 h6 14. b4 Bf5
15. d5 exd5 16. cxd5 Nxb4 17. axb4 Bxb4 18. Qd4 Bd6 19. Bxh6 Re8 20. Be3 b5 21.
Bd3 b4 22. Ne2 Ne4 23. Rb1 a5 24. Ng3 Bxg3 25. hxg3 Nc3 26. Ne5 Rxe5 27. Qxe5
Bxd3 28. Rxd3 Nxb1 29. Bd4 f6 30. Qe1 Na3 31. Bb2 Nc4 32. Ba1 Rd8 33. Qc1 Nb6
34. Qc5 Qf5 35. Rd1 Rxd5 0-1

[Event "4NCL Division 4 South"]
[Site "Maidenhead, ENG"]
[Date "2020.01.11"]
[Round "3.202"]
[White "Pedersen, Carsten"]
[Black "Smith, Steven J"]
[Result "1-0"]
[WhiteElo "2065"]
[BlackElo "1658"]
[PlyCount "171"]
[EventDate "2020.01.11"]
[WhiteTeam "Celtic Tigers 2"]
[BlackTeam "Wessex D"]

1. e4 e6 2. d4 d5 3. Nd2 Nf6 4. e5 Nfd7 5. Bd3 c5 6. c3 Nc6 7. Ne2 cxd4 8. cxd4
f6 9. exf6 Nxf6 10. Nf3 Bb4+ 11. Bd2 Bxd2+ 12. Qxd2 O-O 13. O-O a5 14. Rac1 a4
15. Nc3 Nb4 16. Bb1 Qb6 17. Rfe1 Bd7 18. Ne5 Be8 19. h3 Nd7 20. a3 Nxe5 21.
Rxe5 Nc6 22. Rxe6 Qxd4 23. Qxd4 Nxd4 24. Re7 Bc6 25. Rd1 Nf5 26. Re5 g6 27.
Bxf5 Rxf5 28. Rxf5 gxf5 29. Nxd5 Kf7 30. Nb4 Ke6 31. Rc1 Kd6 32. Rc4 Ra5 33.
Nxc6 bxc6 34. Kf1 Rb5 35. Rc2 Kd5 36. Ke2 c5 37. Kd1 Rb7 38. Re2 Rg7 39. g3 h5
40. Kc2 h4 41. gxh4 Rh7 42. f4 Rxh4 43. Re5+ Kd4 44. Rxf5 Rxh3 45. Rf8 Rh2+ $11
46. Kb1 Kc4 47. f5 Rf2 48. f6 Rf1+ 49. Ka2 Rf2 50. f7 Rf1 51. Ra8 Rxf7 52.
Rxa4+ Kb5 53. Ra8 Rf4 54. Rb8+ Ka5 55. Kb3 Rh4 56. Kc3 Rg4 57. b3 Rg1 58. a4
Rc1+ 59. Kb2 Rh1 60. Rb5+ Ka6 61. Rxc5 Rh3 62. Ka3 Rg3 63. Kb4 Rg4+ 64. Rc4 Rg5
65. Rh4 Rg6 66. a5 Rf6 67. Ka4 Rf5 68. Rh6+ Ka7 69. b4 Rg5 70. Rh7+ Ka8 71. Rc7
Rh5 72. Rc5 Rh4 73. Kb5 Ka7 74. Rc7+ Kb8 75. Rg7 Rh5+ 76. Ka4 Rf5 77. a6 Rh5
78. Rf7 Rg5 79. Rh7 Rf5 80. b5 Rf4+ 81. Ka5 Rf6 82. Rh8+ Ka7 83. b6+ Rxb6 84.
Rh7+ Rb7 85. Rxb7+ Ka8 86. Rh7 1-0

[Event "4NCL Division 4 South"]
[Site "Maidenhead, ENG"]
[Date "2020.01.11"]
[Round "3.205"]
[White "Deacon, Nicholas"]
[Black "Tivillier, Jacques"]
[Result "0-1"]
[WhiteElo "1300"]
[BlackElo "1922"]
[PlyCount "86"]
[EventDate "2020.01.11"]
[WhiteTeam "Wessex D"]
[BlackTeam "Celtic Tigers 2"]

1. d4 d5 2. c4 c6 3. Nf3 Nf6 4. Nc3 e6 5. Bg5 Be7 6. e3 Nbd7 7. cxd5 cxd5 8.
Bb5 O-O 9. O-O h6 10. Bh4 a6 11. Bd3 b5 12. Rc1 Bb7 13. Bb1 Ne4 14. Bxe7 Qxe7
15. Nxe4 dxe4 16. Ne5 Rac8 17. Qg4 Nxe5 18. dxe5 Qg5 19. Qxg5 hxg5 20. Rxc8
Rxc8 21. f3 exf3 22. gxf3 Kf8 23. f4 gxf4 24. exf4 Rc4 25. f5 Rg4+ 26. Kf2 exf5
27. Bxf5 Rg5 28. Ke3 f6 29. Bc2 Rxe5+ 30. Kd4 Rd5+ 31. Kc3 Rc5+ 32. Kd2 Rg5 33.
Bb3 f5 34. Kc3 Rg2 35. h4 Rg3+ 36. Kb4 Rg4+ 37. Ka5 Rxh4 38. Kb6 Be4 39. Kxa6
Rh2 40. Kxb5 Bd3+ 41. Bc4 Rxb2+ 42. Kc5 Bxf1 43. Bxf1 Rxa2 0-1

[Event "4NCL Division 4 South"]
[Site "Maidenhead, ENG"]
[Date "2020.01.11"]
[Round "3.208"]
[White "White, John"]
[Black "Cuthbert, Larissa"]
[Result "1-0"]
[WhiteElo "1840"]
[BlackElo "1013"]
[PlyCount "57"]
[EventDate "2020.01.11"]
[WhiteTeam "Celtic Tigers 2"]
[BlackTeam "Wessex D"]

1. e4 e6 2. d4 d5 3. e5 c5 4. c3 Nc6 5. Nf3 Qb6 6. a3 a5 7. Be2 Bd7 8. O-O Nh6
9. h3 cxd4 10. c4 dxc4 11. Bxc4 Nf5 12. Bd3 Bc5 13. Nbd2 Qa7 14. Ne4 Bb6 15. g4
Nfe7 16. Nd6+ Kf8 17. Qe2 Nd5 18. Ng5 Nd8 19. Qf3 Rg8 20. Ngxf7 Nf6 21. exf6
Nxf7 22. fxg7+ Rxg7 23. Bh6 Ke7 24. Bxg7 Kxd6 25. Qxf7 Re8 26. Rfc1 Rc8 27.
Bf8+ Ke5 28. f4+ Kd5 29. Qxd7# 1-0

[Event "4NCL Division 4 South"]
[Site "Maidenhead, ENG"]
[Date "2020.01.12"]
[Round "4.11"]
[White "Salmons, Calum"]
[Black "Rathbone-Jones, Ifan"]
[Result "1/2-1/2"]
[WhiteElo "2057"]
[BlackElo "2042"]
[PlyCount "121"]
[EventDate "2020.01.12"]
[WhiteTeam "Sussex Martlets 2"]
[BlackTeam "Fischer's Catch"]

1. e4 d5 2. exd5 Nf6 3. Nc3 Bg4 4. Be2 Bxe2 5. Qxe2 a6 6. Qf3 c6 7. dxc6 Nxc6
8. d3 Nd4 9. Qd1 e5 10. Nf3 Bb4 11. O-O O-O 12. a3 Bxc3 13. bxc3 Nxf3+ 14. Qxf3
Qc7 15. Bg5 Nd7 16. c4 b5 17. cxb5 Qxc2 18. Qc6 Qxc6 19. bxc6 Nb6 20. c7 f6 21.
Bd2 a5 22. Rfc1 Kf7 23. Rab1 Nc8 24. Rb5 a4 25. f4 Nd6 26. Rb6 Nc8 27. Rb4 Ke6
28. fxe5 fxe5 29. Rb5 Ra6 30. Bg5 Rd6 31. Rc3 e4 32. Rb2 exd3 33. Rd2 Rf5 34.
Bd8 Rfd5 35. Kf2 Kd7 36. Ke3 Re6+ 37. Kf4 Rd4+ 38. Kf3 Red6 39. Ke3 Nb6 40.
Rdxd3 Rxd3+ 41. Rxd3 Nc4+ 42. Ke2 Rxd3 43. Kxd3 Nxa3 44. Kc3 Nb5+ 45. Kb4 a3
46. Kb3 h6 47. Be7 Kxc7 48. Bf8 Nd4+ 49. Kxa3 Ne6 50. Bb4 Kc6 51. Kb3 Kd5 52.
Kc3 g5 53. Kd2 Ke4 54. Ke2 Nf4+ 55. Kf1 h5 56. g3 Nd5 57. Bd2 Kf5 58. h3 Nf6
59. g4+ Nxg4 60. hxg4+ Kxg4 61. Kg2 1/2-1/2

[Event "4NCL Division 4 South"]
[Site "Maidenhead, ENG"]
[Date "2020.01.12"]
[Round "4.12"]
[White "Chong, Kimberly"]
[Black "Rogacewicz, Mikolaj"]
[Result "0-1"]
[WhiteElo "1777"]
[BlackElo "2057"]
[PlyCount "124"]
[EventDate "2020.01.12"]
[WhiteTeam "Fischer's Catch"]
[BlackTeam "Sussex Martlets 2"]

1. e4 e6 2. d4 d5 3. exd5 exd5 4. Nf3 Bd6 5. c4 Nf6 6. Nc3 O-O 7. Be2 dxc4 8.
O-O c6 9. Bxc4 Nbd7 10. Bg5 h6 11. Bh4 Qa5 12. Re1 Qh5 13. Bg3 Bxg3 14. hxg3
Nb6 15. Ne5 Qg5 16. Nxf7 Rxf7 17. Bxf7+ Kxf7 18. Re5 Qg4 19. Qe1 Nbd5 20. Nxd5
Nxd5 21. Rd1 b6 22. Rd3 Bd7 23. Rf3+ Kg8 24. Re4 Qg6 25. g4 Re8 26. Re5 Re6 27.
Qc1 Rxe5 28. dxe5 Qxg4 29. Rg3 Qf4 30. Qxf4 Nxf4 31. Re3 Be6 32. g3 Nd5 33. Rd3
Kf7 34. f4 Bf5 35. Rd2 Ke6 36. Kf2 Bg4 37. b4 Bh5 38. Rd4 b5 39. Kg2 Kf5 40. a3
g5 41. fxg5 hxg5 42. e6 Kxe6 43. Re4+ Kd6 44. Re1 Nf6 45. Rf1 Ke5 46. Rc1 Bf7
47. Re1+ Kd6 48. Rf1 Bd5+ 49. Kg1 Ke5 50. Re1+ Ne4 51. Kh2 Kd4 52. Rf1 Nd6 53.
Rf8 Nc4 54. Ra8 Nxa3 55. Rxa7 Nc2 56. Rg7 Nxb4 57. Rxg5 Nd3 58. Rf5 b4 59. g4
b3 60. Rf1 b2 61. g5 Nc1 62. Rf4+ Kc3 0-1

[Event "4NCL Division 4 South"]
[Site "Maidenhead, ENG"]
[Date "2020.01.12"]
[Round "4.13"]
[White "Forster, Matthew"]
[Black "Sivarajasingam, Shayanna"]
[Result "1-0"]
[WhiteElo "2034"]
[BlackElo "1778"]
[PlyCount "103"]
[EventDate "2020.01.12"]
[WhiteTeam "Sussex Martlets 2"]
[BlackTeam "Fischer's Catch"]

1. d4 d5 2. Bg5 Nf6 3. e3 c5 4. c3 Nc6 5. Nd2 Qb6 6. Qb3 c4 7. Qc2 g6 8. e4
Nxe4 9. Nxe4 dxe4 10. Bxc4 Bg7 11. Be3 Qc7 12. Ne2 Bf5 13. Ng3 e6 14. Rc1 O-O
15. Nxe4 Rac8 16. O-O Ne7 17. Bd3 Nd5 18. Qd2 Nxe3 19. fxe3 Bxe4 20. Bxe4 Rcd8
21. Kh1 Rd7 22. Bc2 Qb6 23. Bb3 Rfd8 24. Rf3 Qd6 25. Rcf1 f6 26. e4 Kh8 27.
Rxf6 Bxf6 28. Rxf6 Rf8 29. Qf2 Kg7 30. e5 Qe7 31. Rxf8 Qxf8 32. Qxf8+ Kxf8 33.
Bxe6 Re7 34. d5 Rxe6 35. dxe6 Ke7 36. Kg1 Kxe6 37. Kf2 Kxe5 38. Ke3 g5 39. Kf3
h5 40. g3 Kf5 41. h3 Ke5 42. a4 Kf5 43. g4+ hxg4+ 44. hxg4+ Ke5 45. Ke3 b6 46.
c4 a5 47. b3 Kd6 48. Ke4 Ke6 49. Kd3 Ke5 50. Ke3 Kd6 51. Kd4 Ke6 52. Ke4 1-0

[Event "4NCL Division 4 South"]
[Site "Maidenhead, ENG"]
[Date "2020.01.12"]
[Round "4.14"]
[White "Sivarajasingam, Venetia"]
[Black "Howell, Oliver W"]
[Result "1-0"]
[WhiteElo "1742"]
[BlackElo "1982"]
[PlyCount "91"]
[EventDate "2020.01.12"]
[WhiteTeam "Fischer's Catch"]
[BlackTeam "Sussex Martlets 2"]

1. e4 e6 2. d4 d5 3. e5 c5 4. c3 Nc6 5. Nf3 Bd7 6. Be2 Nge7 7. O-O cxd4 8. cxd4
Qb6 9. Nc3 Nf5 10. Na4 Qa5 11. Nc3 Bb4 12. Qd3 Qb6 13. Be3 Na5 14. b3 O-O 15.
Ng5 Bxc3 16. Qxc3 h6 17. Nf3 Nxe3 18. fxe3 Bb5 19. Bxb5 Qxb5 20. Qe1 Rac8 21.
Qg3 Qd3 22. Ne1 Qc3 23. Rd1 Nc6 24. Nd3 Ne7 25. Qf3 b6 26. Nf4 Nf5 27. Rde1 Ne7
28. Qg4 Nf5 29. Nh5 g6 30. Nf6+ Kg7 31. Qf3 Qd3 32. g4 Nh4 33. Qf2 g5 34. Nd7
Qg6 35. Nxf8 Kxf8 36. Qf6 Qxf6 37. Rxf6 Rc2 38. Rf2 Rc3 39. Ref1 Rxe3 40. Rxf7+
Ke8 41. Rf8+ Kd7 42. R1f7+ Kc6 43. a4 b5 44. Rc8+ Kb6 45. Rb8+ Kc6 46. axb5#
1-0

[Event "4NCL Division 4 South"]
[Site "Maidenhead, ENG"]
[Date "2020.01.12"]
[Round "4.15"]
[White "Higgs, Anthony R J"]
[Black "Fraser, Susanna"]
[Result "1-0"]
[WhiteElo "2050"]
[BlackElo "1634"]
[PlyCount "159"]
[EventDate "2020.01.12"]
[WhiteTeam "Sussex Martlets 2"]
[BlackTeam "Fischer's Catch"]

1. d4 d5 2. Nc3 Nf6 3. Bf4 e6 4. e3 Be7 5. Nf3 O-O 6. Be2 c5 7. O-O Nc6 8. Re1
b6 9. Bf1 Bb7 10. Ne5 Nxe5 11. Bxe5 Bd6 12. Bxd6 Qxd6 13. dxc5 Qxc5 14. Qd4
Qxd4 15. exd4 a6 16. f3 Rac8 17. Rac1 Rfd8 18. Nd1 Rc7 19. Re3 b5 20. a4 Bc6
21. axb5 Bxb5 22. Ra3 h6 23. Ne3 Ne8 24. c3 Nd6 25. Rca1 Rc6 26. Kf2 Rb8 27.
Rb3 Rbb6 28. Bxb5 Rxb5 29. Rxb5 axb5 30. Nc2 Nc4 31. Ra8+ Kh7 32. Ra2 Kg6 33.
Nb4 Rc7 34. Nd3 Kf6 35. Ra6 Ke7 36. Ke2 Kf6 37. b3 Nb2 38. Nxb2 Rxc3 39. Kd2
Rxb3 40. Nd3 Rb1 41. Ra2 Kf5 42. Rb2 Rg1 43. Ne1 f6 44. Rxb5 g5 45. Ke2 g4 46.
fxg4+ Kxg4 47. Kf2 Rh1 48. h3+ Kf4 49. Rb6 Kf5 50. Rb3 h5 51. Rf3+ Kg5 52. Re3
Kf5 53. Nf3 Rb1 54. Kg3 Rb6 55. Re2 Ra6 $11 56. Kf2 Rb6 57. g3 Ra6 58. Nh4+ Kg5
59. Ng2 Kf5 60. Kf3 Ra4 61. Nh4+ Kg5 62. Rxe6 Rxd4 63. Ke3 Rd1 64. Rd6 Re1+ 65.
Kf2 Rd1 66. Ke2 Rh1 67. Rxd5+ Kh6 68. Rf5 Rxh3 69. Kf3 Rh1 70. Rxf6+ Kg7 71.
Ra6 Rd1 72. Kf4 Rd5 73. Nf5+ Kh7 74. Rh6+ Kg8 75. Ne7+ Kg7 76. Nxd5 Kxh6 77.
Ne7 h4 78. Nf5+ Kh5 79. Nxh4 Kh6 80. g4 1-0

[Event "4NCL Division 4 South"]
[Site "Maidenhead, ENG"]
[Date "2020.01.12"]
[Round "4.16"]
[White "Jaberansari, Daniel"]
[Black "Howell, Chris I"]
[Result "0-1"]
[WhiteElo "1434"]
[BlackElo "1957"]
[PlyCount "54"]
[EventDate "2020.01.12"]
[WhiteTeam "Fischer's Catch"]
[BlackTeam "Sussex Martlets 2"]

1. e4 c5 2. c3 e5 3. Nf3 Nc6 4. d4 cxd4 5. cxd4 exd4 6. Nxd4 Nf6 7. Nxc6 dxc6
8. Qxd8+ Kxd8 9. f3 Bb4+ 10. Bd2 Bxd2+ 11. Nxd2 Be6 12. Bc4 Ke7 13. O-O Rhd8
14. Rfd1 Rxd2 15. Rxd2 Bxc4 16. b3 Be6 17. Rad1 a5 18. Rb1 Rd8 19. Rbd1 Rd7 20.
Kf2 Kd8 21. Ke3 Kc7 22. Rxd7+ Nxd7 23. Rd2 a4 24. bxa4 Nb6 25. Kf4 Nxa4 26. Ke5
c5 27. f4 Nb6 0-1

[Event "4NCL Division 4 South"]
[Site "Maidenhead, ENG"]
[Date "2020.01.12"]
[Round "4.21"]
[White "Karamazondo, Ernest"]
[Black "Norinkeviciute, Rasa"]
[Result "0-1"]
[WhiteElo "2087"]
[BlackElo "2018"]
[PlyCount "74"]
[EventDate "2020.01.12"]
[WhiteTeam "Watford 1"]
[BlackTeam "Wood Green Youth"]

1. e4 c5 2. d4 cxd4 3. c3 d5 4. exd5 Qxd5 5. cxd4 Nf6 6. Nc3 Qa5 7. Bc4 e6 8.
Nf3 a6 9. Bd2 Qd8 10. a4 Nc6 11. Bg5 Be7 12. O-O O-O 13. Rc1 Nd5 14. Ne4 Bxg5
15. Nexg5 Nf6 16. Bd3 h6 17. Ne4 Nb4 18. Bb1 Nbd5 19. Ne5 Bd7 20. Nc5 b6 21.
Ncxd7 Nxd7 22. Qd3 N7f6 23. f4 Rc8 24. Rxc8 Qxc8 25. g4 Nb4 26. Qd2 Nfd5 27. g5
f6 28. Ng6 Rf7 29. gxh6 f5 30. Qe2 gxh6 31. Rf2 Rg7 32. Rg2 Qc1+ 33. Kf2 Nxf4
34. Ne7+ Kf8 35. Rxg7 Nxe2 36. Rh7 Qxb1 37. Kxe2 f4 0-1

[Event "4NCL Division 4 South"]
[Site "Maidenhead, ENG"]
[Date "2020.01.12"]
[Round "4.22"]
[White "Dias, Savin"]
[Black "Nelson, Omowale"]
[Result "0-1"]
[WhiteElo "1990"]
[BlackElo "2005"]
[PlyCount "84"]
[EventDate "2020.01.12"]
[WhiteTeam "Wood Green Youth"]
[BlackTeam "Watford 1"]

1. e4 c6 2. d4 d5 3. Nc3 dxe4 4. Nxe4 Bf5 5. Ng3 Bg6 6. h4 h6 7. Nf3 Nd7 8. h5
Bh7 9. Bd3 Bxd3 10. Qxd3 e6 11. Bd2 Ngf6 12. O-O-O Qc7 13. Kb1 O-O-O 14. Rh4
Bd6 15. Ne4 Nxe4 16. Qxe4 Kb8 17. c4 c5 18. dxc5 Nxc5 19. Qc2 e5 20. b4 Ne6 21.
Bc3 f6 22. Qf5 Qe7 23. c5 Bc7 24. Rhh1 a5 25. a3 Nf4 26. Qe4 Qf7 27. Kb2 a4 28.
Qc2 Qc4 29. Nd2 $11 Nd3+ 30. Ka1 Qf4 31. Nf3 e4 32. Nd4 Qxf2 33. Qxa4 Be5 34.
Rd2 Qf4 35. Rh4 Qxh4 36. Qb5 Bxd4 37. c6 Bxc3+ 38. Ka2 Nxb4+ 39. axb4 Rxd2+ 40.
Ka3 Rd7 41. cxd7 Qe1 42. Qb6 Qd2 0-1

[Event "4NCL Division 4 South"]
[Site "Maidenhead, ENG"]
[Date "2020.01.12"]
[Round "4.23"]
[White "Luberto, Michael"]
[Black "Woodhouse, Stephen V"]
[Result "1/2-1/2"]
[WhiteElo "1952"]
[BlackElo "1850"]
[PlyCount "37"]
[EventDate "2020.01.12"]
[WhiteTeam "Watford 1"]
[BlackTeam "Wood Green Youth"]

1. e4 e6 2. Nf3 d5 3. e5 c5 4. c3 Nc6 5. d4 Bd7 6. Be2 f6 7. O-O Qb6 8. a3 Be7
9. Re1 Nh6 10. Bd3 Nf7 11. c4 Nxd4 12. Nxd4 cxd4 13. exf6 Bxf6 14. cxd5 e5 15.
f4 O-O-O 16. Nd2 Bb5 17. Bf5+ Bd7 18. Bd3 Bb5 19. Bf5+ 1/2-1/2